|
|
|
|
| LEADER |
01157nam a2200217 a 4500 |
| 001 |
GR-MES978 |
| 008 |
991111s1977 gr 000 0 gre d |
| 040 |
|
|
|a GrPaTEI
|b gre
|c GR-PaULI
|
| 245 |
0 |
0 |
|a Οικονομική ανάλυση
|n 2ος .
|p Μακροοικονομική ισορροπία στον καπιταλισμό και στον σοσιαλισμό.
|
| 260 |
|
|
|a Αθήνα :
|b Παπαζήσης,
|c 1977
|
| 300 |
|
|
|a 379σελ.
|
| 650 |
|
4 |
|a Καπιταλισμός
|
| 650 |
|
4 |
|a ΜΑΚΡΟΟΙΚΟΝΟΜΙΑ
|
| 650 |
|
4 |
|a Οικονομική ανάλυση
|
| 650 |
|
4 |
|a ΣΟΣΙΑΛΙΣΜΟΣ
|
| 700 |
1 |
|
|a Νεγρεπόντη-Δελιβάνη, Μαρία
|
| 942 |
|
|
|2 ddc
|
| 952 |
|
|
|0 1
|1 0
|2 ddc
|4 0
|6 339_000000000000000_ΝΕΓ
|7 0
|9 264748
|a MSLG
|b MSLG
|c BSC
|d 2021-01-17
|e 24
|f 0
|g 0.00
|l 0
|o 339 ΝΕΓ
|p 2420000004965
|r 2021-01-17 00:00:00
|t 1
|w 2021-01-17
|y BK15
|x 19991111 0 1
|x GrPaTEI
|
| 952 |
|
|
|0 0
|1 0
|2 ddc
|4 0
|6 339_000000000000000_ΝΕΓ
|7 0
|9 264749
|a MSLG
|b MSLG
|c BSC
|d 2021-01-17
|e 24
|f 0
|g 0.00
|l 0
|o 339 ΝΕΓ
|p 2420000005000
|r 2021-01-17 00:00:00
|t 1
|w 2021-01-17
|y BK15
|x 19991111 0 1
|x GrPaTEI
|
| 971 |
|
|
|a .b2572020x
|b 16-04-20
|c 13-09-16
|
| 999 |
|
|
|c 152269
|d 152269
|